Datum a čas kvízu

20.5 Celkem bodů Celkový počet nahraných bodů na tomto kvízu bez doplňovacích otázek.
8. Pořadí na kvízu Konečné umístění týmu na tomto kvízu.

Zaznamenané odpovědi

# Otázka Odpověď Body Výsledky
1. V pátek se dostala do prodeje... vlky 0
2. V jedné evropské zemi platí od... Itálie 0
3. V indické nemocnici ve městě B... hrál na hudební nástroj (na klavír) 1
4. Největší slovenské knihkupectv... Martinus 1
5. Napište název nočního klubu v... Belmondo 0
6. Na začátek tématu a otázky si... druhým 1
7. Rozlohou druhé největší africk... Tanganika 1
8. Seřaďte africké ostrovy v pořa... 1B 2C 3D 4A 0
9. Jak se jmenuje počtem obyvatel... Lagos 0
10. Afrika se trhá, od zbytku se o... C 1